<?xml version="1.0" encoding="UTF-8"?>
<record
    xmlns:xsi="http://www.w3.org/2001/XMLSchema-instance"
    xsi:schemaLocation="http://www.loc.gov/MARC21/slim http://www.loc.gov/standards/marcxml/schema/MARC21slim.xsd"
    xmlns="http://www.loc.gov/MARC21/slim">

  <leader>00485    a2200157   4500</leader>
  <controlfield tag="005">20250603104534.0</controlfield>
  <datafield tag="020" ind1=" " ind2=" ">
    <subfield code="a">9987-417-53-1</subfield>
  </datafield>
  <datafield tag="082" ind1=" " ind2=" ">
    <subfield code="a">658.403 BAR</subfield>
  </datafield>
  <datafield tag="100" ind1=" " ind2=" ">
    <subfield code="a">BARADYANA, J. S</subfield>
  </datafield>
  <datafield tag="245" ind1=" " ind2=" ">
    <subfield code="a">Quantitative Techniques for Business Decisions.</subfield>
  </datafield>
  <datafield tag="260" ind1=" " ind2=" ">
    <subfield code="a">Dar Es Salaam,</subfield>
    <subfield code="b">Mkuki na Nyota,</subfield>
    <subfield code="c">2012.</subfield>
  </datafield>
  <datafield tag="300" ind1=" " ind2=" ">
    <subfield code="a">xiv,293p.: ill.; table.</subfield>
    <subfield code="c">24cm.</subfield>
    <subfield code="b">References.</subfield>
  </datafield>
  <datafield tag="700" ind1=" " ind2=" ">
    <subfield code="a">AME, A. M.</subfield>
  </datafield>
  <datafield tag="856" ind1=" " ind2=" ">
    <subfield code="y">Access online book</subfield>
    <subfield code="f">Quantitative Techniques</subfield>
    <subfield code="d">www.mkukinanyota.com</subfield>
  </datafield>
  <datafield tag="942" ind1=" " ind2=" ">
    <subfield code="2">ddc</subfield>
    <subfield code="c">BKS</subfield>
  </datafield>
  <datafield tag="999" ind1=" " ind2=" ">
    <subfield code="c">2285</subfield>
    <subfield code="d">2285</subfield>
  </datafield>
  <datafield tag="952" ind1=" " ind2=" ">
    <subfield code="r">2025-05-14 15:32:00</subfield>
    <subfield code="l">0</subfield>
    <subfield code="o">658.403 BAR</subfield>
    <subfield code="p">0000008730</subfield>
    <subfield code="v">66000.00</subfield>
    <subfield code="w">2025-05-14</subfield>
    <subfield code="y">BKS</subfield>
    <subfield code="1">0</subfield>
    <subfield code="2">ddc</subfield>
    <subfield code="4">0</subfield>
    <subfield code="7">0</subfield>
    <subfield code="0">0</subfield>
    <subfield code="a">CBEML</subfield>
    <subfield code="b">CBEML</subfield>
    <subfield code="c">GEN</subfield>
    <subfield code="d">2007-06-28</subfield>
    <subfield code="g">22000.00</subfield>
  </datafield>
  <datafield tag="952" ind1=" " ind2=" ">
    <subfield code="r">2025-05-14 15:32:00</subfield>
    <subfield code="l">0</subfield>
    <subfield code="o">658.403 BAR</subfield>
    <subfield code="p">0000008731</subfield>
    <subfield code="v">66000.00</subfield>
    <subfield code="w">2025-05-14</subfield>
    <subfield code="y">BKS</subfield>
    <subfield code="1">0</subfield>
    <subfield code="2">ddc</subfield>
    <subfield code="4">0</subfield>
    <subfield code="7">0</subfield>
    <subfield code="0">0</subfield>
    <subfield code="a">CBEML</subfield>
    <subfield code="b">CBEML</subfield>
    <subfield code="c">GEN</subfield>
    <subfield code="d">2007-06-28</subfield>
    <subfield code="g">22000.00</subfield>
  </datafield>
  <datafield tag="952" ind1=" " ind2=" ">
    <subfield code="r">2025-05-14 15:32:00</subfield>
    <subfield code="l">0</subfield>
    <subfield code="o">658.403 BAR</subfield>
    <subfield code="p">0000008732</subfield>
    <subfield code="v">66000.00</subfield>
    <subfield code="w">2025-05-14</subfield>
    <subfield code="y">BKS</subfield>
    <subfield code="1">0</subfield>
    <subfield code="2">ddc</subfield>
    <subfield code="4">0</subfield>
    <subfield code="7">0</subfield>
    <subfield code="0">0</subfield>
    <subfield code="a">CBEML</subfield>
    <subfield code="b">CBEML</subfield>
    <subfield code="c">GEN</subfield>
    <subfield code="d">2007-06-28</subfield>
    <subfield code="g">22000.00</subfield>
  </datafield>
  <datafield tag="952" ind1=" " ind2=" ">
    <subfield code="r">2025-05-14 15:32:00</subfield>
    <subfield code="l">0</subfield>
    <subfield code="o">658.403 BAR</subfield>
    <subfield code="p">0000008733</subfield>
    <subfield code="v">66000.00</subfield>
    <subfield code="w">2025-05-14</subfield>
    <subfield code="y">BKS</subfield>
    <subfield code="1">0</subfield>
    <subfield code="2">ddc</subfield>
    <subfield code="4">0</subfield>
    <subfield code="7">0</subfield>
    <subfield code="0">0</subfield>
    <subfield code="a">CBEML</subfield>
    <subfield code="b">CBEML</subfield>
    <subfield code="c">GEN</subfield>
    <subfield code="d">2007-06-28</subfield>
    <subfield code="g">22000.00</subfield>
  </datafield>
  <datafield tag="952" ind1=" " ind2=" ">
    <subfield code="r">2025-05-14 15:32:00</subfield>
    <subfield code="l">0</subfield>
    <subfield code="o">658.403 BAR</subfield>
    <subfield code="p">0000008734</subfield>
    <subfield code="v">66000.00</subfield>
    <subfield code="w">2025-05-14</subfield>
    <subfield code="y">BKS</subfield>
    <subfield code="1">0</subfield>
    <subfield code="2">ddc</subfield>
    <subfield code="4">0</subfield>
    <subfield code="7">0</subfield>
    <subfield code="0">0</subfield>
    <subfield code="a">CBEML</subfield>
    <subfield code="b">CBEML</subfield>
    <subfield code="c">GEN</subfield>
    <subfield code="d">2007-06-28</subfield>
    <subfield code="g">22000.00</subfield>
  </datafield>
  <datafield tag="952" ind1=" " ind2=" ">
    <subfield code="r">2025-05-14 15:32:00</subfield>
    <subfield code="l">0</subfield>
    <subfield code="o">658.403 BAR</subfield>
    <subfield code="p">0000008735</subfield>
    <subfield code="v">66000.00</subfield>
    <subfield code="w">2025-05-14</subfield>
    <subfield code="y">BKS</subfield>
    <subfield code="1">0</subfield>
    <subfield code="2">ddc</subfield>
    <subfield code="4">0</subfield>
    <subfield code="7">0</subfield>
    <subfield code="0">0</subfield>
    <subfield code="a">CBEML</subfield>
    <subfield code="b">CBEML</subfield>
    <subfield code="c">GEN</subfield>
    <subfield code="d">2007-06-28</subfield>
    <subfield code="g">22000.00</subfield>
  </datafield>
  <datafield tag="952" ind1=" " ind2=" ">
    <subfield code="r">2025-06-03 10:40:35</subfield>
    <subfield code="l">0</subfield>
    <subfield code="o">658.403 BAR</subfield>
    <subfield code="p">00000010736</subfield>
    <subfield code="v">66000.00</subfield>
    <subfield code="w">2025-06-03</subfield>
    <subfield code="y">BKS</subfield>
    <subfield code="1">0</subfield>
    <subfield code="2">ddc</subfield>
    <subfield code="4">0</subfield>
    <subfield code="7">0</subfield>
    <subfield code="0">0</subfield>
    <subfield code="a">CBEML</subfield>
    <subfield code="b">CBEML</subfield>
    <subfield code="c">SPECIAL</subfield>
    <subfield code="d">2007-06-28</subfield>
    <subfield code="g">22000.00</subfield>
  </datafield>
  <datafield tag="952" ind1=" " ind2=" ">
    <subfield code="r">2025-06-28 10:57:27</subfield>
    <subfield code="l">0</subfield>
    <subfield code="o">658.403 BAR</subfield>
    <subfield code="p">DOM0002308</subfield>
    <subfield code="v">66000.00</subfield>
    <subfield code="w">2025-06-03</subfield>
    <subfield code="y">BKS</subfield>
    <subfield code="1">0</subfield>
    <subfield code="2">ddc</subfield>
    <subfield code="4">0</subfield>
    <subfield code="7">0</subfield>
    <subfield code="0">0</subfield>
    <subfield code="a">004</subfield>
    <subfield code="b">004</subfield>
    <subfield code="c">SPECIAL</subfield>
    <subfield code="d">2007-06-28</subfield>
    <subfield code="e">Library Budget</subfield>
    <subfield code="g">22000.00</subfield>
  </datafield>
  <datafield tag="952" ind1=" " ind2=" ">
    <subfield code="r">2025-07-01 09:26:38</subfield>
    <subfield code="l">0</subfield>
    <subfield code="o">519.5BAR</subfield>
    <subfield code="p">DOM0003295</subfield>
    <subfield code="v">66000.00</subfield>
    <subfield code="w">2025-07-01</subfield>
    <subfield code="y">BKS</subfield>
    <subfield code="1">0</subfield>
    <subfield code="2">ddc</subfield>
    <subfield code="4">0</subfield>
    <subfield code="7">0</subfield>
    <subfield code="0">0</subfield>
    <subfield code="a">004</subfield>
    <subfield code="b">004</subfield>
    <subfield code="c">GEN</subfield>
    <subfield code="d">2007-07-01</subfield>
    <subfield code="g">22000.00</subfield>
  </datafield>
</record>
